000 00347nam a2200145 i 4500
001 bg
100 1 _aBYZDRA, Tadeusz
245 0 _aNormalizacja i higiena żywności /
_cTadeusz Byzdra.
260 _aWarszawa,
_c1976.
040 _cBPK
041 _apol
080 _a641:664:006.44
942 _cKS
008 s pl f |000 0 pol
999 _c17132
_d17132
856 _uhttp://koha.tu.koszalin.pl/cgi-bin/koha/opac-detail.pl?biblionumber=17132
_yKatalog online BPK